000 00702nam a2200169 a 4500
008 120416s1986 ||||||||||||||||| || u
020 _a0070096597
050 _aQA 76.9.M35 Kra
100 _aKramer, Arthur D
245 1 0 _aMathematics for computers
260 _aNew York
_bMcGraw-Hill
_c1986
300 _avi, 522p. : ill.
350 _a0.00
650 0 _aCOMPUTER SCIENCE--MATHEMATICS
995 _aBINDERY (DAMAGED)
_D0.00
_e717354
_FCBU-MAIN LIBRARY (Kitwe)
_H2
_I30.50
_jQA 76.9.M35 Kra
_M2
_UDAMAGED
_y010954
_ZMain Library Open Access Collection
995 _aBINDERY (DAMAGED)
_D0.00
_e717355
_FCBU-MAIN LIBRARY (Kitwe)
_H1
_I30.50
_jQA 76.9.M35 Kra
_M1
_UDAMAGED
_y010953
_ZMain Library Open Access Collection
999 _c82746
_d82746